| 000 | 00772nam a22002177a 4500 | ||
|---|---|---|---|
| 999 |
_c5830 _d5830 |
||
| 003 | AR-CdUCM | ||
| 008 | 190313b ||||| |||| 00| 0 eng d | ||
| 040 |
_aMUNICIPALIDAD PROVINCIAL DEL CUSCO _cBIBLIOTECA MUNICIPAL DEL CUSCO |
||
| 082 |
_a987.042 / _bR93 |
||
| 100 |
_aRumazo González, Alfonso, _917266 |
||
| 245 | _aAntonio José de Sucre, gran Mariscal de Ayacucho / | ||
| 260 |
_aCaracas : _bEds. de la Presidencia de la República, _c1980. |
||
| 300 |
_a96 paginas ; _bIlustraciones, _c16 cm. |
||
| 505 | _aLa silueta -- Hacia la guerra -- Con uno de los rebeldes -- Morillo -- Rumbo a pichincha... | ||
| 650 |
_aLibertadores _912898 |
||
| 650 |
_aBiografía. _922 |
||
| 650 |
_aSucre _917267 |
||
| 710 |
_aCADAFE _94156 |
||
| 942 |
_2ddc _cLIBROS |
||
| 945 | _awnts | ||